| 000 | 01768nam a2200229Ia 4500 | ||
|---|---|---|---|
| 003 | Ost | ||
| 005 | 20260507075732.0 | ||
| 008 | 260507s9999||||xx |||||||||||||| ||und|| | ||
| 040 | _cfsecg | ||
| 041 | _aara | ||
| 082 | _a657.42 | ||
| 100 |
_aدبيان، السيدعبد المقصود _eمؤلف |
||
| 245 | 0 |
_aفي مبادئ محاسبة التكاليف / _c السيدعبد المقصود دبيان |
|
| 260 |
_aالاسكندرية: _bالدار الجامعية, _c2004 |
||
| 300 |
_a441 صفحة؛ _c24 سم |
||
| 520 | _aيحتوي هذا الكتاب على مفاهيم التكاليف وعلاقاتها بجوانب النشاط ؛ تقارير المحاسبة المالية ومحاسبة التكاليف ، تطور النشاط الاقتصادي وأهداف محاسبة التكاليف ، مفتهيم التكاليف وعلاقاتها بأحجام الانتاج أو النشاط ، مفاهيم التكاليف وعلاقاتها بوظاءف المنشأة ،أنظمة محاسبة التكاليف تقارير وقوائم أوامر الانتاج أسس القياس ، أنظمة القياس التكاليف ، نظام تكايف الاوامر ، الرقابة على التكاليف ، اجراءات الرقابة على تكاليف المواد ، اجراءات الرقابة على تكاليف العمل ، رقابة التكاليف الصناعية غير المباشر ، مدخل التكلفة على أساس النشاط . | ||
| 653 | _aالمحاسبة | ||
| 653 | _aمحاسبة التكاليف | ||
| 700 |
_aعبدالمنعم، مبارك صلاح الدين _eمؤلف ثانوي |
||
| 700 |
_aنور الدين، عبد اللطيف ناصر _eمؤلف ثانوي |
||
| 942 | _cكتاب | ||
| 999 |
_c46047 _d46047 |
||